Online Catalogue and eLibrary

Sancharaka viyaparaya ka sandahada (Record no. 5267)

MARC details
000 -LEADER
fixed length control field 00449nam a2200145Ia 4500
005 - DATE AND TIME OF LATEST TRANSACTION
control field 20250624022334.0
008 - FIXED-LENGTH DATA ELEMENTS--GENERAL INFORMATION
fixed length control field 240331s9999 xx 000 0 und d
082 ## - DDC Classification
Item Number - Author Mark SAN
Class No. 331
245 #0 - TITLE STATEMENT
Title Sancharaka viyaparaya ka sandahada
260 ## - PUBLICATION, DISTRIBUTION, ETC.
Place of publication, distribution, etc. Colombo
Name of publisher, distributor, etc. Women and development research project
Date of publication, distribution, etc. 1982
300 ## - PHYSICAL DESCRIPTION
Extent (e.g. Volumes, Pages etc.) 144 p .,
500 ## - GENERAL NOTE
General note A book on employment for women in the white gum industry in Sri Lanka
700 ## - ADDED ENTRY--PERSONAL NAME
Personal name Samarasooriya,S.
Relator term (Role) Editor
942 ## - Koha item type (Biblio)
Koha item type Books in Stacks (Lending)
Holdings
Lost status Damaged status Collection code Home library Current library Shelving location Date acquired Full call number Accession Number Item type
    Lending WERC Library WERC Library Social Science Cupboard 03/31/2024 331.4 SAN 1283 Books in Stacks (Lending)

© WERC Library